01086nam a2200265 a 4500001001000000003000900010005001700019007001000036008003500046020001500081040002200096082002900118100002300147245017600170260004500346300002000391650006000411650004500471650004400516650003500560700002500595700003700620710007700657710008600734000028819DO-SdBNP20221026083456.0000028819110412s1996 dr 000 0 spa d a8492184531 aBPMSUbspacBPMSU 4a379.7293bV715e 19962221 aVillamán, Marcos10aEducación, democracia, ciudadanización y construcción de identidades nacionales /cMarcos Villamán, Raymundo González ; presentación Rocío Hernández Mella. aSanto Domingo :bPREAL :bFLACSO,c1996. a54 p. ;c28 cm. aEducación zCaribe (Región, República Dominicana) 4aEducación y Estado z América Latina 4aPolítica educativa zAmérica Latina 4aDemocracia zCaribe (Región)1 aGonzález, Raymundo1 aHernández Mella, Rocío4ed. 2 a Facultad Latinoamericana de Ciencias Sociales (República Dominicana) 2 aPrograma de Promoción de la Reforma Educativa de América Latina y el Caribe